In search of the Sahara

Wedi'i Gadw mewn:
Manylion Llyfryddiaeth
Prif Awdur: Crewe, Quentin (Awdur)
Fformat: Llyfr
Iaith:Saesneg
Cyhoeddwyd: Londres Michael Joseph Ltd. 1983
Pynciau:
Tagiau: Ychwanegu Tag
Dim Tagiau, Byddwch y cyntaf i dagio'r cofnod hwn!

MARC

LEADER 00000cam a2200000 a 4500
001 UCF5580
003 CL-VaPUC
008 130318e19830000UK |||||||||||||||||eng|d
020 |a 0718123484 
082 0 4 |a 910.4  |b CRE  |2 21 
100 0 |a Crewe, Quentin  |e author  |9 567525 
245 1 0 |a In search of the Sahara 
300 |a 262 p 
942 |c BK 
945 |d 20130318 00:00:00  |a dcastane 
260 |a Londres  |b Michael Joseph Ltd.  |c 1983 
650 0 |a Viajes y expediciones   |9 408124 
650 0 |a Geografía  |9 259346 
650 0 |a Etnografía   |9 309735 
650 7 |a DESIERTOS  |2 CL-VaPUC  |9 357427 
651 7 |a AFRICA OCCIDENTAL  |2 CL-VaPUC  |9 268799 
651 7 |a SAHARA  |2 CL-VaPUC  |9 439364 
583 |a last modification  |c 20130318 11:20:00  |k Rodrigo Vera 
999 |c 351078  |d 351076 
952 |0 0  |1 0  |4 0  |6 910_400000000000000_CRE_1983  |7 0  |8 A  |9 454957  |a BIBING  |b BIBING  |d 2019-11-22  |i 4949919  |o 910.4 CRE 1983  |p 4949919  |r 2025-01-20  |w 2019-11-22  |y BK  |k GEO